000
00497nam a2200157Ia 4500
008
090123s9999 xx 000 0 und d
082
_b
12219
_a
891.463/भागव
100
_a
भागवत यशवंत
245
_a
आस किनाऱ्याची
250
_a
0
600
_a
भागवत यशवंत
630
_a
आस किनाऱ्याची
700
_a
भागवत यशवंत
730
_a
आस किनाऱ्याची
942
_c
BOOK
999
_c
50283
_d
50283